[Event "?"]
[Site "?"]
[Date "2013.04.21"]
[Round "?"]
[White "Predke, Alexandr"]
[Black "Artemiev, Vladislav"]
[Result "0-1"]
[WhiteElo "2481"]
[BlackElo "2499"]
[PlyCount "48"]
[EventDate "2013.??.??"]

1. e4 c5 2. Nf3 d6 3. d4 cxd4 4. Nxd4 Nf6 5. Nc3 a6 6. Be3 e6 7. f3 b5 8. Qd2
Nbd7 9. g4 h6 10. O-O-O b4 11. Nce2 Qc7 12. h4 d5 13. Bh3 Nb6 14. b3 dxe4 15.
g5 Nfd5 16. fxe4 Nxe3 17. Qxe3 hxg5 18. Qxg5 Qe7 19. Qg2 Bd7 20. e5 Rc8 21. Nf4
Rxh4 22. Rhf1 g5 23. Bxe6 Rxf4 24. Bxd7+ Nxd7 0-1

[Event "?"]
[Site "?"]
[Date "2013.04.22"]
[Round "?"]
[White "Artemiev, Vladislav"]
[Black "Bukavshin, Ivan"]
[Result "1/2-1/2"]
[WhiteElo "2499"]
[BlackElo "2522"]
[PlyCount "45"]
[EventDate "2013.??.??"]

1. c4 e5 2. g3 Nf6 3. Bg2 d5 4. cxd5 Nxd5 5. Nc3 Nb6 6. Nf3 Nc6 7. O-O Be7 8.
Rb1 a5 9. d3 O-O 10. Be3 Be6 11. Bxb6 cxb6 12. Qa4 f5 13. Rbd1 Bf6 14. e3 Bf7
15. d4 e4 16. Nd2 Rc8 17. Qb5 Ne7 18. g4 g6 19. gxf5 Be8 20. Qb3+ Bf7 21. Qb5
Be8 22. Qb3+ Bf7 23. Qb5 1/2-1/2

[Event "?"]
[Site "?"]
[Date "2013.04.22"]
[Round "?"]
[White "Oparin, Grigoriy"]
[Black "Predke, Alexandr"]
[Result "1/2-1/2"]
[WhiteElo "2496"]
[BlackElo "2481"]
[PlyCount "75"]
[EventDate "2013.??.??"]

1. e4 e5 2. Nf3 Nc6 3. Bb5 a6 4. Ba4 Nf6 5. O-O Be7 6. Re1 b5 7. Bb3 d6 8. c3
O-O 9. h3 Re8 10. d4 Bb7 11. Nbd2 Bf8 12. d5 Nb8 13. Nf1 Nbd7 14. Ng3 Nc5 15.
Bc2 c6 16. b4 Ncd7 17. dxc6 Bxc6 18. Bb3 h6 19. Qd3 Nb6 20. Be3 Nc4 21. Bxc4
bxc4 22. Qxc4 Qc8 23. Nd2 Qb7 24. Qd3 d5 25. Bc5 dxe4 26. Ndxe4 Nxe4 27. Nxe4
Rad8 28. Qf3 Bxc5 29. bxc5 Qe7 30. Qg3 Bxe4 31. Rxe4 Qxc5 32. Rg4 g6 33. Rxg6+
fxg6 34. Qxg6+ Kf8 35. Qf6+ Kg8 36. Qg6+ Kf8 37. Qf6+ Kg8 38. Qg6+ 1/2-1/2

[Event "?"]
[Site "?"]
[Date "2013.04.22"]
[Round "?"]
[White "Belous, Vladimir"]
[Black "Gordievsky, Dmitry"]
[Result "1/2-1/2"]
[WhiteElo "2560"]
[BlackElo "2443"]
[PlyCount "110"]
[EventDate "2013.??.??"]

1. c4 Nf6 2. Nf3 c5 3. g3 b6 4. Bg2 Bb7 5. O-O e6 6. Nc3 Be7 7. Re1 Ne4 8. Qc2
Nxc3 9. dxc3 d6 10. e4 e5 11. Nd2 O-O 12. Nf1 Nd7 13. Ne3 g6 14. Nd5 Bxd5 15.
cxd5 Bg5 16. f4 exf4 17. gxf4 Bf6 18. Be3 Bg7 19. Re2 b5 20. Kh1 Qc7 21. Bf2
Rab8 22. Rae1 Rfe8 23. Qd3 c4 24. Qg3 b4 25. cxb4 Rxb4 26. e5 dxe5 27. Bd4 f6
28. h4 Rf8 29. fxe5 Nxe5 30. Bh3 Rb7 31. Be6+ Kh8 32. h5 Nd3 33. Qxc7 Rxc7 34.
Rd1 f5 35. d6 Rc6 36. Bxg7+ Kxg7 37. Bxc4 Rxc4 38. Rxd3 Re4 39. Rc2 Kf6 40. Rc7
Re1+ 41. Kg2 Re2+ 42. Kf3 Rxb2 43. Rxa7 gxh5 44. a3 Rd8 45. Rxh7 Rb6 46. d7 Rb7
47. Kf4 Ke6 48. Rh6+ Ke7 49. Kxf5 Rdxd7 50. Rxd7+ Kxd7 51. Rh7+ Kc6 52. Rxb7
Kxb7 53. Kg5 Kb6 54. Kxh5 Ka5 55. a4 Kxa4 1/2-1/2

[Event "?"]
[Site "?"]
[Date "2013.04.22"]
[Round "?"]
[White "Eliseev, Urii"]
[Black "Stukopin, Andrey"]
[Result "1-0"]
[WhiteElo "2541"]
[BlackElo "2500"]
[PlyCount "51"]
[EventDate "2013.??.??"]

1. e4 e5 2. Nf3 Nf6 3. Nxe5 d6 4. Nf3 Nxe4 5. Nc3 Nf6 6. d4 Be7 7. Bd3 O-O 8.
O-O Nbd7 9. Ne2 Re8 10. Ng3 Bf8 11. Bg5 h6 12. Bd2 b6 13. Nh4 g6 14. Qf3 Rb8
15. Nxg6 fxg6 16. Bxg6 Bb7 17. Qd3 Re6 18. Rae1 Rxe1 19. Rxe1 Kh8 20. Nf5 Ng8
21. Qh3 Ndf6 22. Nxh6 Bxh6 23. Bxh6 Qd7 24. Re6 Bd5 25. Bf8+ Nh7 26. Re7 1-0

[Event "?"]
[Site "?"]
[Date "2013.04.23"]
[Round "?"]
[White "Stukopin, Andrey"]
[Black "Chigaev, Maksim"]
[Result "1/2-1/2"]
[WhiteElo "2500"]
[BlackElo "2454"]
[PlyCount "84"]
[EventDate "2013.??.??"]

1. e4 c5 2. Nf3 e6 3. d4 cxd4 4. Nxd4 a6 5. Bd3 Ne7 6. O-O Nbc6 7. Nxc6 Nxc6 8.
c4 Bc5 9. Nc3 Qh4 10. Ne2 O-O 11. Bf4 d6 12. Bg3 Qh6 13. a3 e5 14. b4 Bb6 15.
Qc1 Qxc1 16. Rfxc1 Rd8 17. Nc3 Be6 18. Rab1 Rac8 19. Nd5 Bd4 20. Kf1 Kf8 21. f3
a5 22. bxa5 Nxa5 23. Be1 b6 24. Bf2 Bxd5 25. exd5 Bxf2 26. Kxf2 Rb8 27. Ke2
Rdc8 28. Rb4 Ke7 29. Rcb1 Rc5 30. Rxb6 Rxb6 31. Rxb6 Nxc4 32. Rb7+ Kf6 33. Bxh7
Rxd5 34. g4 Rd2+ 35. Ke1 Rxh2 36. Bg8 Nxa3 37. Rxf7+ Kg6 38. Rd7 Nc2+ 39. Kd1
Ne3+ 40. Ke1 Nc2+ 41. Kd1 Ne3+ 42. Ke1 Nc2+ 1/2-1/2

[Event "?"]
[Site "?"]
[Date "2013.04.23"]
[Round "?"]
[White "Gordievsky, Dmitry"]
[Black "Eliseev, Urii"]
[Result "1/2-1/2"]
[WhiteElo "2443"]
[BlackElo "2541"]
[PlyCount "34"]
[EventDate "2013.??.??"]

1. d4 Nf6 2. c4 g6 3. Nc3 d5 4. Nf3 Bg7 5. Bf4 O-O 6. Rc1 c5 7. dxc5 dxc4 8.
Qxd8 Rxd8 9. e4 Nfd7 10. Bxc4 Nxc5 11. Ng5 Nd3+ 12. Bxd3 Rxd3 13. Nd5 Nc6 14.
Nc7 Rb8 15. Nd5 Ra8 16. Nc7 Rb8 17. Nd5 Ra8 1/2-1/2

[Event "?"]
[Site "?"]
[Date "2013.04.23"]
[Round "?"]
[White "Predke, Alexandr"]
[Black "Belous, Vladimir"]
[Result "1-0"]
[WhiteElo "2481"]
[BlackElo "2560"]
[PlyCount "71"]
[EventDate "2013.??.??"]

1. e4 c5 2. Nf3 d6 3. d4 cxd4 4. Nxd4 Nf6 5. Nc3 Nc6 6. Bg5 e6 7. Qd2 a6 8.
O-O-O h6 9. Nxc6 bxc6 10. Bf4 d5 11. Qe3 Bb4 12. a3 Ba5 13. Be2 O-O 14. e5 Nd7
15. h4 f6 16. exf6 Rxf6 17. Bg5 Bb6 18. Qh3 hxg5 19. hxg5 Rf5 20. Ne4 Kf8 21.
Qc3 Qc7 22. Rh8+ Ke7 23. Qxg7+ Rf7 24. Bh5 Qf4+ 25. Kb1 Bb7 26. Bxf7 Qxf7 27.
Qxf7+ Kxf7 28. Rh7+ Kg6 29. Nf6 Nc5 30. f4 Kf5 31. Rf1 e5 32. g4+ Kg6 33. Rh6+
Kg7 34. Rh7+ Kg6 35. Rh6+ Kg7 36. f5 1-0

[Event "?"]
[Site "?"]
[Date "2013.04.23"]
[Round "?"]
[White "Artemiev, Vladislav"]
[Black "Oparin, Grigoriy"]
[Result "1-0"]
[WhiteElo "2499"]
[BlackElo "2496"]
[PlyCount "81"]
[EventDate "2013.??.??"]

1. d4 d5 2. c4 e6 3. Nc3 Be7 4. cxd5 exd5 5. Bf4 c6 6. e3 Bf5 7. g4 Be6 8. h4
Nd7 9. g5 h6 10. g6 fxg6 11. Bd3 Nf8 12. Qc2 Nf6 13. Nf3 Qc8 14. Ne5 Bf5 15.
Nxg6 Bxd3 16. Qxd3 Nxg6 17. Qxg6+ Kd8 18. O-O-O Qe6 19. Be5 Kd7 20. f3 Raf8 21.
Ne2 Kc8 22. Nf4 Qf7 23. Qc2 Rhg8 24. Ng6 Re8 25. Qf5+ Kd8 26. Bh2 Bb4 27. Qf4
Qd7 28. Qb8+ Qc8 29. Qxa7 Nd7 30. a3 c5 31. axb4 Re6 32. Qa5+ b6 33. Qa2 Rxg6
34. Qxd5 cxb4+ 35. Kb1 Re8 36. Rc1 Qa6 37. Rhd1 Rxe3 38. Qf7 b3 39. Bc7+ Kc8
40. Bd6+ Kd8 41. Qg8+ 1-0

[Event "?"]
[Site "?"]
[Date "2013.04.24"]
[Round "?"]
[White "Oparin, Grigoriy"]
[Black "Bukavshin, Ivan"]
[Result "0-1"]
[WhiteElo "2496"]
[BlackElo "2522"]
[PlyCount "88"]
[EventDate "2013.??.??"]

1. e4 c5 2. Nf3 e6 3. d4 cxd4 4. Nxd4 a6 5. Nc3 Qc7 6. Be2 Nf6 7. O-O Be7 8.
Be3 d6 9. f4 O-O 10. Qe1 b5 11. a3 Bb7 12. Qg3 Nbd7 13. Bf3 Nc5 14. e5 dxe5 15.
fxe5 Nfe4 16. Nxe4 Nxe4 17. Bxe4 Bxe4 18. c3 Rac8 19. Rad1 Qb7 20. Ne2 a5 21.
b4 axb4 22. axb4 Ra8 23. Rd2 Ra3 24. Qf2 h6 25. Rfd1 Bd5 26. Bc5 Rfa8 27. h4
Ra2 28. Nf4 Bb3 29. Bxe7 Qxe7 30. g3 Qc7 31. Rxa2 Rxa2 32. Rd2 Ra1+ 33. Kh2
Qxe5 34. Rd8+ Kh7 35. Ng2 f5 36. Qf4 Qxf4 37. gxf4 Ra2 38. Kg3 Bd5 39. Ne3 Be4
40. Rd6 Re2 41. Nd1 Bd5 42. h5 Re1 43. Nf2 Re3+ 44. Kh4 Rf3 0-1

[Event "?"]
[Site "?"]
[Date "2013.04.24"]
[Round "?"]
[White "Belous, Vladimir"]
[Black "Artemiev, Vladislav"]
[Result "1-0"]
[WhiteElo "2560"]
[BlackElo "2499"]
[PlyCount "105"]
[EventDate "2013.??.??"]

1. d4 Nf6 2. c4 c5 3. d5 b5 4. cxb5 a6 5. bxa6 g6 6. Nc3 Bxa6 7. Nf3 d6 8. g3
Bg7 9. Bg2 O-O 10. O-O Nbd7 11. Re1 Ra7 12. Rb1 Qa8 13. b3 Ng4 14. Qc2 Nb6 15.
e4 Nd7 16. h3 Nge5 17. Nxe5 Nxe5 18. Rd1 Rb8 19. Be3 Rab7 20. Kh2 Rb4 21. Ne2
Qb7 22. f4 Nd7 23. e5 Qc8 24. e6 fxe6 25. dxe6 Nf6 26. Nc3 Bb7 27. Bxb7 R8xb7
28. f5 c4 29. Nd5 Nxd5 30. Rxd5 Rc7 31. Rc1 Rbb7 32. Qe4 cxb3 33. Rxc7 Rxc7 34.
axb3 Rc2+ 35. Rd2 Rxd2+ 36. Bxd2 Be5 37. Bh6 Bg7 38. Bg5 d5 39. Qxd5 Qc2+ 40.
Kh1 Qb1+ 41. Kg2 Qc2+ 42. Kf3 Qb1 43. Kg4 gxf5+ 44. Kh4 Bf8 45. Bf4 h6 46. Kh5
Kh7 47. Qd8 Qxb3 48. Qe8 Qf3+ 49. Kh4 Bg7 50. Qxe7 Qe4 51. Qf7 Qd5 52. Bxh6
Qd8+ 53. Kh5 1-0

[Event "?"]
[Site "?"]
[Date "2013.04.24"]
[Round "?"]
[White "Eliseev, Urii"]
[Black "Predke, Alexandr"]
[Result "1/2-1/2"]
[WhiteElo "2541"]
[BlackElo "2481"]
[PlyCount "92"]
[EventDate "2013.??.??"]

1. e4 e5 2. Nf3 Nc6 3. Bc4 Bc5 4. O-O Nf6 5. d3 O-O 6. h3 d6 7. c3 Ne7 8. Nbd2
Ng6 9. Re1 c6 10. Bb3 Bb6 11. d4 h6 12. Nf1 exd4 13. cxd4 d5 14. exd5 Nxd5 15.
Ng3 f5 16. Nh5 Kh7 17. Bxd5 Qxd5 18. Nf4 Nxf4 19. Bxf4 Be6 20. Re5 Qd7 21. Qe2
Bd5 22. Re1 Rf7 23. Re3 Bxf3 24. Qxf3 Qxd4 25. b3 Qd5 26. Qxd5 cxd5 27. Re7
Raf8 28. Bd6 Kg8 29. Kf1 Rxe7 30. Rxe7 Rf7 31. Re8+ Kh7 32. Ke2 Rd7 33. Be5 Kg6
34. f4 Bd8 35. Kd3 Kf7 36. Rh8 Bc7 37. Kd4 Bxe5+ 38. fxe5 Rc7 39. Rb8 Rc2 40.
Rxb7+ Ke6 41. Rxg7 Rd2+ 42. Ke3 Rxa2 43. Kf4 Rf2+ 44. Ke3 Rb2 45. Kf4 Rf2+ 46.
Ke3 Rb2 1/2-1/2

[Event "?"]
[Site "?"]
[Date "2013.04.24"]
[Round "?"]
[White "Chigaev, Maksim"]
[Black "Gordievsky, Dmitry"]
[Result "1-0"]
[WhiteElo "2454"]
[BlackElo "2443"]
[PlyCount "79"]
[EventDate "2013.??.??"]

1. e4 c5 2. Nf3 d6 3. d4 cxd4 4. Nxd4 Nf6 5. Nc3 a6 6. Be2 e6 7. O-O Be7 8. f4
O-O 9. a4 Nc6 10. Be3 Qc7 11. Kh1 Re8 12. Bf3 Bf8 13. Qd2 Na5 14. b3 Rb8 15.
Rad1 Nc6 16. g4 Nd7 17. g5 Nxd4 18. Bxd4 b6 19. Bg2 Bb7 20. Qf2 Rbc8 21. Rd3 e5
22. fxe5 Nxe5 23. Rh3 g6 24. Qh4 h5 25. gxh6 Qe7 26. Qf2 Ba8 27. h7+ Kh8 28.
Qxf7 Bg7 29. Qxe7 Rxe7 30. Bxb6 Ng4 31. Ne2 Bxe4 32. Bxe4 Rxe4 33. Nf4 Ne5 34.
Ne6 Nd7 35. Ng5 Re7 36. Bg1 Nf6 37. c4 Nh5 38. Rd3 Be5 39. Bd4 Rce8 40. Rdf3
1-0

[Event "?"]
[Site "?"]
[Date "2013.04.24"]
[Round "?"]
[White "Pakhomov, Egor"]
[Black "Stukopin, Andrey"]
[Result "1/2-1/2"]
[WhiteElo "2454"]
[BlackElo "2500"]
[PlyCount "138"]
[EventDate "2013.??.??"]

1. d4 c5 2. d5 d6 3. e4 Nf6 4. Nc3 a6 5. a4 e6 6. Nf3 exd5 7. exd5 Bg4 8. Be2
Be7 9. O-O O-O 10. Nd2 Bxe2 11. Qxe2 Re8 12. Nc4 Bf8 13. Qf3 Nbd7 14. Bf4 Nb6
15. Ne3 Nbd7 16. Nc4 Nb6 17. Na3 Nbd7 18. Rfe1 Qc7 19. Nc4 Rxe1+ 20. Rxe1 Re8
21. Rxe8 Nxe8 22. g4 Nb6 23. Ne3 g6 24. a5 Nc8 25. Nc4 Qe7 26. Kg2 f6 27. Bg3
Kg7 28. Qd3 Qf7 29. Ne4 Kg8 30. h3 Qd7 31. b3 Be7 32. Qe3 f5 33. gxf5 Qxf5 34.
Qd3 h5 35. Ne3 Qf7 36. b4 cxb4 37. Qc4 Na7 38. Qxb4 Nb5 39. Qd2 Qg7 40. c4 Qd4
41. Qxd4 Nxd4 42. c5 dxc5 43. d6 Bd8 44. Nxc5 Nc6 45. Nxb7 Kf7 46. Nd5 Ke6 47.
Nf4+ Kf5 48. Nd3 Ng7 49. Nxd8 Nxd8 50. Nc5 Nge6 51. Nxa6 Nc6 52. d7 Nxa5 53.
Nc5 Nc6 54. Nb7 Kf6 55. Bd6 Ncd8 56. Na5 Nf7 57. Bb4 Ned8 58. Nb3 Nb7 59. Nd4
Ne5 60. d8=Q+ Nxd8 61. Bc3 Kf7 62. Nb5 Nc4 63. Kg3 Ne6 64. Kh4 Nf4 65. Nd4 Nd6
66. Kg3 Nd5 67. Bb2 Ne4+ 68. Kf3 Ng5+ 69. Kg3 Ne4+ 1/2-1/2